COMMUNITY PHARMACY HANDBOOK (Record no. 8156)

MARC details
000 -LEADER
fixed length control field 00424nam a22001697a 4500
005 - DATE AND TIME OF LATEST TRANSACTION
control field 20230110122640.0
008 - FIXED-LENGTH DATA ELEMENTS--GENERAL INFORMATION
fixed length control field 221220b |||||||| |||| 00| 0 eng d
020 ## - INTERNATIONAL STANDARD BOOK NUMBER
ISBN 978-0-85369-716-9
041 ## - LANGUAGE CODE
Language code of text/sound track or separate title eng
082 ## - DEWEY DECIMAL CLASSIFICATION NUMBER
Classification number 613.7 WAT-C
100 ## - MAIN ENTRY--AUTHOR NAME
Personal name WATER FIELD ,JON
245 ## - TITLE STATEMENT
Title COMMUNITY PHARMACY HANDBOOK
260 ## - PUBLICATION, DISTRIBUTION, ETC. (IMPRINT)
Name of publisher PHARMACEUTICAL PRESS
300 ## - PHYSICAL DESCRIPTION
Number of Pages 287;P.
650 ## - SUBJECT ADDED ENTRY--TOPICAL TERM
Topical Term PHARMACY
General subdivision D.PHARMA
942 ## - ADDED ENTRY ELEMENTS (KOHA)
Koha item type Books
Holdings
Lost status Damaged status Collection code Home library Current library Shelving location Date acquired Source of acquisition Full call number Accession Number Koha item type
    Reference JRU Library JRU Library SHELF-4-D 17/11/2022 LOHIA BOOK INTERNATIONAL 613.7-WAT-C 27183 Books